00734nam a2200181 a 450000100100000000500170001000800410002704000250006808200150009324500610010826000520016930000210022150400260024270000350026895201130030395201190041699900170053500002212020200930011606.0100322s1983 cu 000 0 spa d aDO-SdBNPbspacBNPHU axxxxbxxxx00aIndización II /ccompilación Sylvia López Veulens. aLa Habana, Cuba :bPueblo y Educación,c1983. a158 p. ;c22 cm. aBibliografía p: 1581 aLópez Veulens, Sylvia945825 001050718MOaGRbGRcCTd2010-09-17iLF1l0oxxxx xxxxp22120-10r2020-06-25w2020-06-25y1ZNo se presta 001050718MOaGRbGRcCTd2013-09-16iLF1l0oxxxx xxxxp22120-20r2020-06-25te. 2w2020-06-25y1ZNo se presta c21618d21618